[Event "Radenci op"]
[Site "Radenci"]
[Date "1998.??.??"]
[Round "?"]
[White "Sax, Gyula"]
[Black "Kozul, Zdenko"]
[Result "1-0"]
[WhiteElo "2535"]
[BlackElo "2585"]

1.e4 c5 2.Nf3 d6 3.d4 cxd4 4.Nxd4 Nf6 5.Nc3 Nc6 6.Bg5 e6 7.Qd2 a6 8.O-O-O Bd7
9.f4 b5 10.Nxc6 Bxc6 11.Bd3 Be7 12.e5 dxe5 13.fxe5 Nd7 14.Bxe7 Qxe7 15.Be4 Rc8
16.Bxc6 Rxc6 17.Ne4 Nxe5 18.Nd6+ Kf8 19.Rhe1 f6 20.Nxb5 axb5 21.Rxe5 fxe5
22.Qd8+ Qxd8 23.Rxd8+ Kf7 24.Rxh8 Kg6 25.Rb8 Rc5 26.Kd2 e4 27.c3 Rh5 28.h3 Rd5+
29.Ke2 h5 30.h4 Kf5 31.Rb7 g6 32.Rf7+ Ke5 33.Rf8 Rd3 34.Rb8 Rd5 35.Rb6 Kf5
36.Rc6 e5 37.Rc4 Rd3 38.Rc5 Rd6 39.Rxb5  1-0

[Event "Rio de Janeiro"]
[Site "Rio de Janeiro"]
[Date "1998.??.??"]
[Round "1"]
[White "Escofet, Jaime"]
[Black "Guimaraes, Wagner Peixoto"]
[Result "1-0"]
[WhiteElo "2215"]
[BlackElo "2260"]

1.e4 c5 2.Nf3 Nc6 3.d4 cxd4 4.Nxd4 Nf6 5.Nc3 d6 6.Bg5 e6 7.Bb5 Bd7 8.Bxc6 bxc6
9.Qf3 Qb6 10.O-O-O Be7 11.Nb3 Rb8 12.e5 dxe5 13.Bxf6 gxf6 14.Ne4 f5 15.Nd6+ Bxd6
16.Rxd6 a5 17.Qc3 Rg8 18.Rhd1 Rxg2 19.Rxd7 Qb5 20.Qh3 Rg1 21.Rxg1 Kxd7 22.Qxh7 Rf8
23.Rd1+ Ke7 24.Qh4+ f6 25.a4 Qb4 26.Qxb4+ axb4 27.Nc5 Rh8 28.a5 Re8 29.a6  1-0

[Event "BRA-ch"]
[Site "Rio de Janeiro"]
[Date "1998.??.??"]
[Round "3"]
[White "Matsuura, Everaldo"]
[Black "Rocha, Wellington Carlos"]
[Result "1-0"]
[WhiteElo "2405"]
[BlackElo "2325"]

1.e4 c5 2.Nf3 Nc6 3.d4 cxd4 4.Nxd4 Nf6 5.Nc3 d6 6.Bg5 e6 7.Qd2 a6 8.O-O-O h6
9.Be3 Bd7 10.f4 Nxd4 11.Bxd4 Bc6 12.Qe1 Be7 13.e5 dxe5 14.fxe5 Nd7 15.Ne4 Rc8
16.Bd3 Bb5 17.Nd6+ Bxd6 18.exd6 Qg5+ 19.Kb1 O-O 20.Qe4 Bxd3 21.Rxd3 e5 22.Be3 Qd8
23.Qxb7 f5 24.g3 Rb8 25.Qxa6 Qf6 26.b3 Rfc8 27.Qa5 Qg6 28.Qd5+ Kh8 29.Rf1 Qg4
30.Rd2 Rc3 31.Ba7 Rbc8 32.Qe6 Qg5 33.Re2 Qd8 34.Qxf5 Ra8 35.Bg1 Qa5 36.a4 Qb4
37.Qe4 Qb8 38.Kb2 Rc8 39.Rf7 Qxd6 40.Qg4  1-0

[Event "BRA-ch"]
[Site "Rio de Janeiro"]
[Date "1998.??.??"]
[Round "8"]
[White "Rocha, Wellington Carlos"]
[Black "Tsuboi, Edson Kenji"]
[Result "1-0"]
[WhiteElo "2325"]
[BlackElo "2345"]

1.e4 c5 2.Nf3 d6 3.d4 cxd4 4.Nxd4 Nf6 5.Nc3 Nc6 6.Bg5 e6 7.Qd2 Be7 8.O-O-O O-O
9.f4 h6 10.Nxc6 bxc6 11.Bxf6 Bxf6 12.Qxd6 Qb6 13.e5 Rd8 14.Qa3 Qe3+ 15.Kb1 Rxd1+
16.Nxd1 Qxa3 17.bxa3 Be7 18.c3 Bb7 19.Bd3 c5 20.Re1 Rd8 21.Kc2 Bxg2 22.Be4 Bxe4+
23.Rxe4 g5 24.Ne3 gxf4 25.Rxf4 Bg5 26.Rg4 f5 27.exf6 Kf7 28.Nc4 Kxf6 29.Re4 h5
30.a4 Rd5 31.a5 e5 32.Re1 Bf4 33.Rb1 e4 34.Rf1 Kg5 35.Rg1+ Kf5 36.Rg8 Rd7
37.h3 Rd3 38.Rf8+ Kg5 39.Ra8 Rxh3 40.Rxa7 Rh2+ 41.Kb3 e3 42.Re7 e2 43.a6 Bb8
44.Na5 Kf6 45.Nc6 Ba7 46.Re8 Kf7 47.Re7+ Kf6 48.Kc4 h4 49.Re8 h3 50.Nxa7 Rg2
51.Nc6 h2 52.a7 Rg4+ 53.Kb5 h1=Q 54.a8=Q Qb1+ 55.Nb4 e1=Q 56.Qf3+ Qf5 57.Qxf5+ Kxf5
58.Rxe1  1-0

[Event "BRA-ch"]
[Site "Rio de Janeiro"]
[Date "1998.??.??"]
[Round "10"]
[White "Van Riemsdijk, Herman C"]
[Black "Limp, Eduardo"]
[Result "1/2-1/2"]
[WhiteElo "2375"]
[BlackElo "2415"]

1.e4 c5 2.Nf3 d6 3.d4 cxd4 4.Nxd4 Nf6 5.Nc3 Nc6 6.Bg5 e6 7.Qd2 Be7 8.O-O-O Nxd4
9.Qxd4 O-O 10.f4 Qa5 11.Kb1 h6 12.h4 Rd8 13.Qe3 Qc5 14.Qxc5 dxc5 15.Rxd8+ Bxd8
16.Bxf6 Bxf6 17.e5 Be7 18.Be2 Bd7 19.Bf3 Rb8 20.Rd1 Be8 21.h5 b6 22.Ne4 Rd8
23.Rxd8 Bxd8 24.c4 Bc7 25.Kc2 Kf8 26.Kd3 Ke7 27.Ke3 f6 28.exf6+ gxf6 29.g4 a6
30.b3 f5 31.gxf5 exf5 32.Ng3 Kf6 33.Bb7 a5 34.Bc8 Bf7 35.Nxf5 Bxh5 36.Nxh6 Bd1
37.Ng4+ Bxg4 38.Bxg4 Ke7 39.Ke4 Kd6 40.Kf5 Bd8 41.Kg6 Ke7 42.f5 Bc7 43.f6+ Kf8
44.Kf5 Bg3 45.Ke6 a4 46.bxa4 Be1 47.Bh5 Bd2 48.Kd6 Be1 49.Kc6 Ba5 50.Kc7 Kg8
51.Kd6  1/2-1/2

[Event "SWE-ch"]
[Site "Ronneby"]
[Date "1998.??.??"]
[Round "10"]
[White "Hall, Jesper"]
[Black "Eriksson, Johan"]
[Result "1-0"]
[WhiteElo "2460"]
[BlackElo "2380"]

1.e4 c5 2.Nf3 d6 3.d4 cxd4 4.Nxd4 Nf6 5.Nc3 Nc6 6.Bg5 e6 7.Qd2 a6 8.O-O-O Bd7
9.f3 Be7 10.h4 b5 11.Nxc6 Bxc6 12.Kb1 O-O 13.Bd3 Rb8 14.Ne2 e5 15.Ng3 Bd7
16.Be2 Rb6 17.Nf1 Ne8 18.Be3 Rb8 19.g4 Nc7 20.f4 Bc6 21.Ng3 b4 22.Bc4 Nb5
23.Qd3 Qc7 24.Nf5 Rfc8 25.Rhf1 Be8 26.Nxe7+ Qxe7 27.f5 Qc7 28.Bb3 a5 29.Ka1 Nd4
30.Bxd4 Bb5 31.Qd2 Bxf1 32.f6 gxf6 33.Rxf1 a4 34.Bxa4 Qc4 35.Qf2 exd4 36.Bb3 Qc5
37.Qxf6 Qe5 38.Bxf7+ Kf8 39.Qh6+ Ke7 40.Bd5 Re8 41.Rf5 Qg3 42.Rf7+ Kd8 43.Qf6+ Kc8
44.Be6+ Rxe6 45.Qh8+ Re8 46.Qxe8+  1-0

[Event "Serbian-ch 29th"]
[Site "Sabac"]
[Date "1998.??.??"]
[Round "1"]
[White "Vuckovic, Bojan"]
[Black "Solak, Dragan"]
[Result "1-0"]
[WhiteElo "2320"]
[BlackElo "2380"]

1.e4 c5 2.Nf3 d6 3.d4 cxd4 4.Nxd4 Nf6 5.Nc3 Nc6 6.Bg5 e6 7.Qd2 a6 8.O-O-O h6
9.Be3 Be7 10.f4 Bd7 11.Be2 b5 12.Bf3 Rc8 13.Kb1 Na5 14.Qf2 Nc4 15.g4 Qc7
16.g5 hxg5 17.fxg5 Nxb2 18.gxf6 Nxd1 19.Nxd1 Bxf6 20.Nb3 Qc4 21.Bc1 Bc6 22.Ne3 Qa4
23.Qg2 Qb4 24.Rd1 a5 25.Ng4 a4 26.Nxf6+ gxf6 27.a3 Qc3 28.Bb2 Qe3 29.Na5 Qf4
30.Nxc6 Rxc6 31.Bxf6 Qxf6 32.e5 Qxe5 33.Bxc6+ Ke7 34.Qf2 Rc8 35.Qa7+ Kf8
36.Qd7 Rb8 37.Qc7  1-0

[Event "Serbian-ch 29th"]
[Site "Sabac"]
[Date "1998.??.??"]
[Round "7"]
[White "Solak, Dragan"]
[Black "Zontakh, Andrey"]
[Result "1/2-1/2"]
[WhiteElo "2380"]
[BlackElo "2545"]

1.e4 c5 2.Nf3 Nc6 3.d4 cxd4 4.Nxd4 Nf6 5.Nc3 d6 6.Bg5 e6 7.Qd2 a6 8.O-O-O h6
9.Bh4 Nxe4 10.Qf4 Ng5 11.Nxc6 bxc6 12.Qa4 Qb6 13.Bd3 Rb8 14.f4 d5 15.Kd2 Nh7
16.Rhe1 Bd7 17.f5 Bb4 18.fxe6 Bxe6 19.a3 Bxc3+ 20.bxc3 O-O 21.Qxa6 Qxa6 22.Bxa6 Ng5
23.Bd3 c5 24.Bxg5 hxg5 25.Re5 Ra8 26.Rxg5 Rxa3 27.Rb1 Ra7  1/2-1/2

[Event "Serbian-ch 29th"]
[Site "Sabac"]
[Date "1998.??.??"]
[Round "10"]
[White "Matulovic, Milan"]
[Black "Vuckovic, Bojan"]
[Result "1/2-1/2"]
[WhiteElo "2420"]
[BlackElo "2320"]

1.e4 c5 2.Nf3 d6 3.d4 cxd4 4.Nxd4 Nf6 5.Nc3 Nc6 6.Bg5 e6 7.Qd2 a6 8.O-O-O h6
9.Be3 Nxd4 10.Bxd4 b5 11.f4 Be7 12.Kb1 Bb7 13.Bd3 O-O 14.e5 dxe5 15.fxe5 Nd7
16.Ne4 Bxe4 17.Bxe4 Rc8 18.c3 Qc7 19.Rde1 Rfd8 20.Qf2 Bc5 21.Rhf1 Rf8 22.Bc2 b4
23.Qe2 Bxd4 24.cxd4 Rfd8 25.d5 Nf8 26.d6 Qc5 27.Rc1 Qa7 28.Qf3 a5 29.Ba4 Rxc1+
30.Rxc1 Qd4 31.Rf1 f6 32.exf6 Qxf6 33.Qe2 Qg5 34.d7 e5 35.Qc4+ Kh8 36.Qd5 Qe7
37.Rf7 Qg5 38.Rf1 Qe7 39.Rf7 Qg5 40.g3 Qg6+ 41.Bc2 Qb6 42.a4 bxa3 43.Qxe5 Qxb2+
44.Qxb2 axb2 45.Ba4 Ng6 46.Rf5 Kg8 47.Rxa5 Kf7 48.Kxb2 Nf8 49.Kc3 Nxd7 50.Ra7 Ke6  1/2-1/2

[Event "Serbian-ch 29th"]
[Site "Sabac"]
[Date "1998.??.??"]
[Round "12"]
[White "Marciano, David"]
[Black "Zontakh, Andrey"]
[Result "1/2-1/2"]
[WhiteElo "2485"]
[BlackElo "2545"]

1.e4 c5 2.Nf3 d6 3.d4 cxd4 4.Nxd4 Nf6 5.Nc3 Nc6 6.Bg5 e6 7.Qd2 a6 8.O-O-O h6
9.Be3 Be7 10.f4 Nxd4 11.Bxd4 b5 12.Qe3 Qc7 13.e5 dxe5 14.fxe5 Nd7 15.Ne4 Bb7
16.Nd6+ Qxd6 17.exd6 Bg5 18.Qxg5 hxg5 19.Bxg7 Rh4 20.Bd4 Rc8 21.Bf2 Rh6 22.b3 f5
23.Kb2 Nf6 24.Bd4 Kd7 25.h3 Rc6 26.c4 bxc4 27.Bxc4 Rxd6 28.Bc5 Rxd1 29.Rxd1+ Nd5
30.Be2 Rh8 31.Bf3 Bc6 32.Bd4 Rg8 33.Be5 Kc8 34.Rd4 Kb7 35.b4 Rc8 36.Kb3 a5
37.bxa5 Ra8 38.a4 Rxa5 39.Rc4 Ra6 40.Ka3 Ne3 41.Rb4+ Kc8 42.Kb3 Kd7 43.Bf6 Nd5
44.Rd4 Bxa4+ 45.Kc4 g4 46.hxg4 fxg4 47.Bxd5 exd5+ 48.Kxd5  1/2-1/2

[Event "Saint Affrique op"]
[Site "Saint Affrique"]
[Date "1998.??.??"]
[Round "7"]
[White "Aleksieva, Silvia"]
[Black "Kosten, Anthony C"]
[Result "0-1"]
[WhiteElo "2345"]
[BlackElo "2535"]

1.e4 c5 2.Nf3 Nc6 3.d4 cxd4 4.Nxd4 Nf6 5.Nc3 d6 6.Bg5 e6 7.Qd2 a6 8.O-O-O h6
9.Be3 Be7 10.f3 Nxd4 11.Bxd4 e5 12.Bf2 Be6 13.Kb1 Rc8 14.Bd3 b5 15.Rhe1 O-O
16.Bf1 Qc7 17.Be3 Rfd8 18.Nd5 Nxd5 19.exd5 Bf5 20.Bd3 Bxd3 21.Qxd3 Qd7 22.f4 Bf6
23.g3 Rc4 24.fxe5 Bxe5 25.Re2 Rdc8 26.Rf1 Qg4 27.Bg1 R4c7 28.Re4 Qg6 29.c3 Bxc3
30.Re3 Bd2  0-1

[Event "Balazs mem op"]
[Site "Salgotarjan"]
[Date "1998.??.??"]
[Round "1"]
[White "Szabo, Zsolt Jozsef"]
[Black "Durik, Peter"]
[Result "1-0"]
[WhiteElo "2405"]
[BlackElo "2155"]

1.e4 c5 2.Nf3 Nc6 3.d4 cxd4 4.Nxd4 Nf6 5.Nc3 d6 6.Bg5 e6 7.Qd2 a6 8.O-O-O h6
9.Be3 Ng4 10.Nxc6 bxc6 11.Bc5 Qc7 12.Bxd6 Bxd6 13.Qxd6 Qxd6 14.Rxd6 Nxf2
15.Rg1 Ng4 16.Rxc6 Ne5 17.Rc5 f6 18.Be2 O-O 19.Rd1 Ra7 20.Rd6 a5 21.Nb5 Rd7
22.Rxe6 Rfd8 23.Nd6 Bb7 24.Nxb7 Rxb7 25.Rxa5 Rd4 26.Bf3 Rc7 27.Rd5  1-0

[Event "Samobor"]
[Site "Samobor"]
[Date "1998.??.??"]
[Round "4"]
[White "Damjanovic, Mato"]
[Black "Moldovan, Daniel"]
[Result "1-0"]
[WhiteElo "2330"]
[BlackElo "2420"]

1.e4 c5 2.Nf3 Nc6 3.d4 cxd4 4.Nxd4 Nf6 5.Nc3 d6 6.Bg5 e6 7.Qd2 a6 8.O-O-O h6
9.Bf4 Bd7 10.Nxc6 Bxc6 11.Qe1 Qc7 12.Bg3 O-O-O 13.f3 Be7 14.Kb1 Rhe8 15.Bd3 Nd7
16.Qe3 Nc5 17.Qd4 Bf8 18.a3 Kb8 19.b4 e5 20.Qe3 Ne6 21.Bf2 b5 22.Qb6+ Qxb6
23.Bxb6 Rc8 24.Nd5 Kb7 25.Be3 Bxd5 26.exd5 Nc7 27.Bf5 Rcd8 28.g4 Be7 29.h4 Na8
30.a4 Nb6 31.axb5 axb5 32.Bd3 Nc4 33.Bxc4 bxc4 34.Kb2 Ra8 35.Ra1 e4 36.Rxa8 Bf6+
37.c3 Kxa8 38.f4 Kb7 39.Ra1 Ra8 40.Rxa8 Kxa8 41.g5 Bd8 42.Bd4 hxg5 43.hxg5 g6
44.Kc2 Kb7 45.Kd2 Ka6 46.Ke3 Kb5 47.Kxe4 Bc7 48.Ke3 Bd8 49.Kd2 Bc7 50.Kc2 Bd8
51.Kb2 Bc7 52.Bf6 Kb6 53.Ka3 Kb7 54.Ka4 Bb6 55.Kb5 Be3 56.Kxc4 Bxf4 57.Kb5  1-0

[Event "San Agustin opJ"]
[Site "San Agustin"]
[Date "1998.??.??"]
[Round "4"]
[White "Gara, Anita"]
[Black "Fernandez, Ernesto"]
[Result "1/2-1/2"]
[WhiteElo "2285"]
[BlackElo "2115"]

1.e4 c5 2.Nf3 Nc6 3.d4 cxd4 4.Nxd4 Nf6 5.Nc3 d6 6.Bg5 e6 7.Qd2 a6 8.O-O-O h6
9.Be3 Be7 10.f4 Nxd4 11.Bxd4 b5 12.Bd3 Bb7 13.Qe2 Rc8 14.Kb1 Qc7 15.e5 dxe5
16.Bxe5 Qa5 17.Rhf1 O-O 18.f5 b4 19.Bxf6 Bxf6 20.Ne4 Bxe4 21.Qxe4 e5 22.Qb7 e4
23.Qxe4 Rfe8 24.Qf4 Qc5 25.h4 Re2 26.Rc1 Rxg2 27.Qe4 Rh2 28.Rf4 a5 29.Rg4 Qe5  1/2-1/2

[Event "San Jose op"]
[Site "San Jose"]
[Date "1998.??.??"]
[Round "6"]
[White "Landa, FJ."]
[Black "Gracia Suarez, J."]
[Result "0-1"]
[WhiteElo "2010"]
[BlackElo "2185"]

1.e4 c5 2.Nf3 Nc6 3.d4 cxd4 4.Nxd4 Nf6 5.Nc3 d6 6.Bg5 Bd7 7.Qd2 Rc8 8.Be2 Nxd4
9.Qxd4 Qa5 10.Be3 a6 11.Qb6 Qxb6 12.Bxb6 e5 13.O-O-O Rxc3 14.bxc3 Nxe4 15.Kb2 Bc6
16.Bf3 f5 17.Rhe1 Kf7 18.Bxe4 Bxe4 19.f3 Bc6 20.c4 Be7 21.Rd2 Ke6 22.Red1 Rc8
23.Kb3 g5 24.c3 h5 25.h3 f4 26.Rd3 Kf5 27.Ba5 b5 28.cxb5 Bxb5 29.Rxd6 Bxd6
30.Rxd6 Bf1 31.Rd2 g4 32.hxg4+ hxg4 33.Kc2 g3 34.Kd1 Rh8 35.Bb6 Rh2 36.Bg1 Rh1
37.Bb6 Bd3+  0-1

[Event "ECI opJ 25th"]
[Site "Sas Van Gent"]
[Date "1998.??.??"]
[Round "8"]
[White "Solleveld, Maarten"]
[Black "Ballo, Emanuel"]
[Result "1-0"]
[WhiteElo "2295"]
[BlackElo "2200"]

1.e4 c5 2.Nf3 Nc6 3.d4 cxd4 4.Nxd4 Nf6 5.Nc3 d6 6.Bg5 e6 7.Qd2 a6 8.O-O-O h6
9.Be3 Be7 10.f4 Nxd4 11.Bxd4 b5 12.Be2 Bd7 13.Bf3 Rc8 14.e5 dxe5 15.fxe5 Nd5
16.Nxd5 exd5 17.Bxd5 Bf5 18.Bb3 Qc7 19.Kb1 a5 20.Qf2 Bg6 21.Bb6 Qxe5 22.Rhe1 Qg5
23.Rd5 Bxc2+ 24.Qxc2  1-0

[Event "RUS-chJ Girls"]
[Site "Sochi"]
[Date "1998.??.??"]
[Round "?"]
[White "Kazarova, Irina"]
[Black "Slavina, Irina"]
[Result "1/2-1/2"]
[WhiteElo "2180"]
[BlackElo "2265"]

1.e4 c5 2.Nf3 Nc6 3.d4 cxd4 4.Nxd4 Nf6 5.Nc3 d6 6.Bg5 e6 7.Qd2 a6 8.O-O-O h6
9.Bf4 Bd7 10.Nxc6 Bxc6 11.Qe1 Be7 12.h4 O-O 13.f3 b5 14.g4 Ne8 15.Bg2 a5
16.Ne2 Bd7 17.Be3 e5 18.g5 h5 19.f4 exf4 20.Nxf4 Bg4 21.Rd2 Qc8 22.Qf2 b4  1/2-1/2

[Event "RUS-ch U20"]
[Site "Sochi"]
[Date "1998.??.??"]
[Round "6"]
[White "Kobalija, Mihail"]
[Black "Prokopchuk, Evgeny"]
[Result "1/2-1/2"]
[WhiteElo "2500"]
[BlackElo "2500"]

1.e4 c5 2.Nf3 Nc6 3.d4 cxd4 4.Nxd4 Nf6 5.Nc3 d6 6.Bg5 e6 7.Qd2 a6 8.O-O-O h6
9.Be3 Qc7 10.f4 Bd7 11.Kb1 Rc8 12.h3 b5 13.Bd3 Na5 14.g4 Nc4 15.Bxc4 Qxc4
16.Qd3 b4 17.Nce2 d5 18.e5 Ne4 19.f5 Bc5 20.fxe6 fxe6 21.Rhf1 Bxd4 22.Nxd4 Rf8
23.Rxf8+ Kxf8 24.Nf3 Qc7 25.Rc1 Qa5 26.Nd2 Bb5 27.Qd4 Bc4 28.Nxc4 Rxc4 29.Qa7 Qc7
30.Rf1+ Kg8 31.Qxc7 Rxc7 32.Kc1 Rc4 33.Rf3 Ng5 34.Bxg5 hxg5 35.Kd2 Re4 36.Re3 Rd4+
37.Ke2 Kf7 38.a3 a5 39.axb4 axb4 40.c3 bxc3  1/2-1/2

[Event "SVK-chT1W 9798"]
[Site "SVK"]
[Date "1998.??.??"]
[Round "?"]
[White "Kasas, L."]
[Black "Mokos, Jozef"]
[Result "1/2-1/2"]
[WhiteElo "2130"]
[BlackElo "2260"]

1.e4 c5 2.Nf3 d6 3.d4 cxd4 4.Nxd4 Nf6 5.Nc3 Nc6 6.Bg5 e6 7.Qd2 a6 8.O-O-O h6
9.Bf4 Bd7 10.Nxc6 Bxc6 11.Bxd6 Bxd6 12.Qxd6 Qxd6 13.Rxd6 Bxe4 14.Bc4 Bxg2
15.Rg1 Ke7 16.Rd2 Bc6 17.Rxg7 Rag8 18.Rg3 h5 19.h3 Rxg3 20.fxg3 Rg8 21.Rd3 Bg2
22.Re3 Bxh3 23.Nd5+ Nxd5 24.Bxd5 Rb8 25.Bf3 Bg4 26.Bg2 Rd8 27.Rd3 b6 28.Rxd8 Kxd8
29.Kd2 Kc7 30.Ke3 e5 31.Bf1 a5 32.a3 Kd6 33.b4 Bf5 34.Bc4 Bg6 35.c3 f6 36.Bb3 f5
37.Bc4 Kc6 38.Kf3 Kd6 39.Ke3 Kc7 40.Bb5 Kd6 41.Bc4 Be8 42.Be2 Ke6 43.Ba6 Bc6
44.Be2 h4 45.gxh4 f4+ 46.Kf2 Kf5 47.c4 axb4 48.axb4 Be8 49.b5 e4 50.c5 bxc5
51.b6 e3+ 52.Ke1 Bc6 53.Ba6 Kg4 54.b7 Bxb7 55.Bxb7 c4 56.Ke2 Kxh4 57.Kf3 Kg5
58.Bd5 c3 59.Be4 Kf6 60.Bh7 Ke5 61.Ke2 Kd4 62.Bg6 Kc4 63.Bc2 Kd4 64.Bb3 Ke5
65.Kf3 Kf5 66.Bc2+ Kg5 67.Bd3 Kh4 68.Bf5 Kg5 69.Bc2 Kh5 70.Bd3 Kh6 71.Bc2  1/2-1/2

[Event "SVE-chT 9798"]
[Site "Sweden"]
[Date "1998.??.??"]
[Round "8"]
[White "Furhoff, Johan"]
[Black "Bator, Robert"]
[Result "0-1"]
[WhiteElo "2320"]
[BlackElo "2410"]

1.e4 c5 2.Nf3 d6 3.d4 cxd4 4.Nxd4 Nf6 5.Nc3 Nc6 6.Bg5 Bd7 7.Be2 Qa5 8.Bxf6 gxf6
9.Nb3 Qg5 10.Nd5 O-O-O 11.O-O f5 12.f4 Qg7 13.exf5 Bxf5 14.Bf3 Qxb2 15.Ne3 Bd7
16.Rb1 Qa3 17.Kh1 Qa4 18.Qd3 e6 19.c4 Be7 20.Nd4 d5 21.Nxc6 Bxc6 22.cxd5 exd5
23.Nxd5 Kb8 24.Qf5 Ba3 25.Qxf7 Qa5 26.Rfd1 Rhe8 27.h3 h6 28.Rd3 Bc5 29.Nc3 Qc7
30.Qc4 Bxf3 31.Rxf3 Bb6 32.Qb3 Rd2 33.Nb5 Qg7 34.Rg1 Bxg1 35.Rg3 Qa1 36.Rg7 Bd4+
37.Kh2 Qg1+ 38.Kg3 Qe3+ 39.Kh4 Qxb3  0-1

[Event "Szeged TT04 IM"]
[Site "Szeged"]
[Date "1998.??.??"]
[Round "9"]
[White "Dovzik, Juri"]
[Black "Farkas, Tibor"]
[Result "1/2-1/2"]
[WhiteElo "2375"]
[BlackElo "2340"]

1.e4 c5 2.Nf3 d6 3.d4 cxd4 4.Nxd4 Nf6 5.Nc3 Nc6 6.Bg5 e6 7.Qd2 a6 8.O-O-O Bd7
9.f4 b5 10.Bxf6 gxf6 11.Nxc6 Bxc6 12.Bd3 Qb6 13.Kb1 Be7 14.Rhe1 O-O-O 15.Qe3 Qxe3
16.Rxe3 Rdg8 17.g3 h5  1/2-1/2

[Event "EST-chT"]
[Site "Tallinn"]
[Date "1998.??.??"]
[Round "6"]
[White "Rytshagov, Mikhail"]
[Black "Gavrikov, Viktor"]
[Result "1/2-1/2"]
[WhiteElo "2550"]
[BlackElo "2555"]

1.e4 c5 2.Nf3 d6 3.d4 Nf6 4.Nc3 cxd4 5.Nxd4 Nc6 6.Bg5 e6 7.Qd2 a6 8.O-O-O Qb6
9.f4 Qxd4 10.Qxd4 Nxd4 11.Rxd4 h6 12.Bh4 Bd7 13.Bc4 Be7 14.e5 dxe5 15.fxe5 Bc5
16.Rd3 Ng4 17.Re1 Rc8 18.Bb3 g5 19.Bg3 h5 20.h3 h4 21.hxg4 hxg3 22.Ne4 Be7
23.Rxg3 Bc6 24.Rh3 Rxh3 25.gxh3 Bxe4 26.Rxe4 Bf8 27.c3 Bg7 28.Bd1 Kd7 29.Bf3  1/2-1/2

[Event "EST-chT"]
[Site "Tallinn"]
[Date "1998.??.??"]
[Round "9"]
[White "Zjukin, Sergei"]
[Black "Gavrikov, Viktor"]
[Result "1/2-1/2"]
[WhiteElo "2425"]
[BlackElo "2555"]

1.e4 c5 2.Nf3 Nc6 3.d4 cxd4 4.Nxd4 Nf6 5.Nc3 d6 6.Bg5 e6 7.Qd2 a6 8.O-O-O Nxd4
9.Qxd4 Be7 10.f4 b5 11.Bxf6 gxf6 12.Bd3 Bb7 13.Kb1 Rg8 14.Rd2 Qa5 15.a3 Rc8
16.Rhd1 Bc6 17.Na2 Qc7 18.c4  1/2-1/2

[Event "Tampere ELO Taraus"]
[Site "Tampere"]
[Date "1998.??.??"]
[Round "1"]
[White "Saastamoinen, Aarne"]
[Black "Tella, Jussi"]
[Result "1/2-1/2"]
[WhiteElo "2225"]
[BlackElo "2385"]

1.e4 c5 2.Nf3 d6 3.d4 cxd4 4.Nxd4 Nf6 5.Nc3 Nc6 6.Bg5 e6 7.Qd2 Be7 8.O-O-O O-O
9.f4 h6 10.Bxf6 Bxf6 11.Ndb5 e5 12.Qxd6 Qxd6 13.Nxd6 exf4 14.Nxc8 Raxc8 15.Nd5 Be5
16.Be2 Rfe8 17.Bg4 Rcd8 18.c3 g6 19.Rhf1 Kg7 20.Nxf4 Bc7 21.Rde1 h5 22.Bd1 h4
23.Bc2 Na5 24.Ba4 Re5 25.Re2 b5 26.Bc2 Ree8 27.Ref2 Rf8 28.h3 Nc4 29.Nd5 Bg3
30.Rf6 Rd6 31.Rxd6 Nxd6 32.Nf6 Rd8 33.Ng4 Nc4 34.b3 Nd2 35.Rd1 Bf4 36.Kb2 f5
37.exf5 gxf5 38.Nf2 Be3 39.Nd3 Kf6 40.Ne1 Rg8 41.Bd3 a6 42.c4 bxc4  1/2-1/2

[Event "Tampere ELO Taraus"]
[Site "Tampere"]
[Date "1998.??.??"]
[Round "8"]
[White "Saastamoinen, Aarne"]
[Black "Lehtinen, Antti"]
[Result "0-1"]
[WhiteElo "2225"]
[BlackElo "2160"]

1.e4 c5 2.Nf3 d6 3.d4 cxd4 4.Nxd4 Nf6 5.Nc3 Nc6 6.Bg5 e6 7.Qd2 a6 8.O-O-O h6
9.Be3 Be7 10.f4 Nxd4 11.Bxd4 b5 12.Bd3 b4 13.Na4 Rb8 14.b3 Qa5 15.Kb1 e5
16.fxe5 dxe5 17.Ba1 O-O 18.Nb2 Be6 19.h3 Rfd8 20.Qe2 Bc5 21.Nc4 Bxc4 22.Bxc4 Bd4
23.Bxd4 Rxd4 24.Rxd4 exd4 25.g4 Re8 26.Qf3 Rxe4 27.h4 Qe5 28.g5 Re1+ 29.Rxe1 Qxe1+
30.Kb2 Qc3+ 31.Qxc3 dxc3+ 32.Kc1 hxg5 33.hxg5 Ne4 34.g6 a5 35.Bxf7+ Kf8 36.Kd1 Ng3
37.Ke1 Ke7 38.Kf2 Nf5 39.Ke2 Nd6 40.Bd5 Kf6 41.Kd3 Kxg6 42.Kd4 Nb5+ 43.Kc5 Na3
44.Be4+ Kf6 45.Kb6 g5 46.Kxa5 Ke5  0-1

[Event "RUS-Cup07"]
[Site "Tomsk"]
[Date "1998.??.??"]
[Round "2"]
[White "Kalashnikov, Konstantin"]
[Black "Makarov, Marat"]
[Result "0-1"]
[WhiteElo "2405"]
[BlackElo "2530"]

1.e4 c5 2.Nf3 Nc6 3.d4 cxd4 4.Nxd4 Nf6 5.Nc3 d6 6.Bg5 e6 7.Qd2 a6 8.O-O-O h6
9.Be3 Be7 10.Be2 Nxd4 11.Qxd4 e5 12.Qb6 Qxb6 13.Bxb6 Be6 14.Nd5 Bxd5 15.exd5 Bd8
16.Be3 Nd7 17.Bg4 Bg5 18.Rhe1 Bxe3+ 19.Rxe3 h5 20.Bh3 g6 21.Rc3 Kd8 22.b4 f5
23.Rg3 Nf8 24.c4 Rc8 25.Rc3 Nd7 26.Kb2 h4 27.Kb3 Ke7 28.Rh1 Kf6 29.g4 hxg3
30.Rxg3 e4 31.Bf1 Rh4 32.Be2 Ne5 33.h3 Rf4 34.Rh2 Nf3 35.Bxf3 exf3 36.Rh1 Rfxc4
37.Rxf3 Rd4 38.a3 Rxd5 39.h4 Rh8 40.Rc3 Rh7 41.Ka4 Rd2 42.f3 d5 43.Ka5 d4
44.Rc4 Rd7 45.a4 d3 46.Kb6 Re2 47.Rc7 Ree7 48.Rxd7 Rxd7 49.f4 Rd4 50.Kc5 Rxf4
51.a5 d2 52.Rd1 Rxh4 53.Rxd2 Rh7  0-1

[Event "POL-ch U20"]
[Site "Trzebinia"]
[Date "1998.??.??"]
[Round "6"]
[White "Szelag, Marcin"]
[Black "Blehm, Pawel"]
[Result "1/2-1/2"]
[WhiteElo "2350"]
[BlackElo "2380"]

1.e4 c5 2.Nf3 d6 3.d4 cxd4 4.Nxd4 Nf6 5.Nc3 Nc6 6.Bg5 e6 7.Qd2 a6 8.O-O-O Be7
9.f4 Nxd4 10.Qxd4 b5 11.Bxf6 gxf6 12.e5 d5 13.Bd3 Bb7 14.Rhe1 Qc7 15.Nxd5 Bxd5
16.exf6 Qc5 17.Bf1 Qxd4 18.Rxd4 Bd6 19.Rxd5 Bxf4+ 20.Kb1 Bxh2 21.Re4 Bc7
22.Be2 Rg8 23.Bf3 Rd8 24.Rxd8+ Bxd8 25.a4 Rg5 26.axb5 Rxb5 27.Rf4 Rb6 28.c3 e5
29.Rh4 Bxf6 30.Rxh7 e4 31.Bxe4 Bxc3 32.b3  1/2-1/2

[Event "POL-ch U20"]
[Site "Trzebinia"]
[Date "1998.??.??"]
[Round "8"]
[White "Antoniewski, Rafal"]
[Black "Blehm, Pawel"]
[Result "0-1"]
[WhiteElo "2435"]
[BlackElo "2380"]

1.e4 c5 2.Nf3 d6 3.d4 cxd4 4.Nxd4 Nf6 5.Nc3 Nc6 6.Bg5 e6 7.Qd2 a6 8.O-O-O Be7
9.f4 Nxd4 10.Qxd4 b5 11.Bxf6 gxf6 12.e5 d5 13.Bd3 Qc7 14.b4 Qa7 15.Qxa7 Rxa7
16.a3 Rg8 17.Bxh7 Rg4 18.Bd3 Rxf4 19.g3 Rf2 20.Rde1 fxe5 21.Rxe5 Rc7 22.Nd1 Rf3
23.Kb1 Kf8 24.Re3 Rxe3 25.Nxe3 a5 26.Bxb5 Rc3 27.Nd1 Rxa3 28.bxa5 Bf6 29.Kc1 Rxa5
30.Bd3 e5 31.Rf1 Bg5+ 32.Kb2 e4 33.Be2 Bh3 34.Rf2 e3 35.Rf3 Bg4 36.Rxe3 Bxe3
37.Bxg4 Bg1 38.h4 Bh2 39.h5 d4 40.Nf2 Bxg3 41.Nd3 Bh4 42.c3 Rg5 43.Bf3 Rg3
44.Be4 dxc3+ 45.Kxc3 Bf6+ 46.Kd2 Bg5+ 47.Kd1 Rh3 48.Ne1 Rxh5 49.Nf3 Bf4 50.Ke2 Ra5
51.Nh4 Ke7 52.Kf3 Bc7 53.Ke3 Bb6+ 54.Kf4 Ke6 55.Nf3 Bf2 56.Bc2 Bb6 57.Ng5+ Ke7
58.Nf3 Bc7+ 59.Ke3 Ra3+ 60.Bd3 Bb6+ 61.Ke2 Ra2+ 62.Ke1 f6 63.Kd1 Kd6 64.Ke1 Be3
65.Be4 Kc5 66.Kd1 Rf2 67.Ke1 Kc4 68.Kd1 Kc5 69.Ke1 Kd6 70.Bb7 Rb2 71.Be4 Ke6
72.Kd1 Kf7 73.Bc2 Kg7 74.Nh4 Bf4 75.Nf5+ Kg6 76.Ne7+ Kh5 77.Nd5 Bg5 78.Nc3 Kg4
79.Na4 Rb8 80.Ke2 Re8+ 81.Kf1 Bh4 82.Bd1+ Kh3 83.Be2 Kh2 84.Nc5 Re5  0-1

[Event "RUS-ch sf"]
[Site "Tula"]
[Date "1998.??.??"]
[Round "1"]
[White "Rodin, Mihail"]
[Black "Selin, O."]
[Result "1/2-1/2"]
[WhiteElo "2390"]
[BlackElo "2245"]

1.e4 c5 2.Nf3 Nc6 3.d4 cxd4 4.Nxd4 Nf6 5.Nc3 d6 6.Bg5 e6 7.Qd2 a6 8.O-O-O h6
9.Be3 Qc7 10.h3 Rb8 11.f4 Be7 12.Kb1 b5 13.Bd3 Nxd4 14.Bxd4 b4 15.Ne2 e5
16.Be3 a5 17.g4 a4 18.Ng3 Be6 19.Nf5 Bf8 20.Qe2 a3 21.fxe5 dxe5 22.Bc1 axb2
23.Bxb2 Ra8 24.Bb5+ Nd7 25.Rxd7 Bxd7 26.Rd1 Rd8 27.Qd3 Qb7 28.Bc4 Qc7 29.Bb5 Qb7
30.Bc4 Qc7 31.Bb5  1/2-1/2

[Event "RUS-ch sf"]
[Site "Tula"]
[Date "1998.??.??"]
[Round "3"]
[White "Tishin, P."]
[Black "Selin, O."]
[Result "1/2-1/2"]
[WhiteElo "2285"]
[BlackElo "2245"]

1.e4 c5 2.Nf3 Nc6 3.d4 cxd4 4.Nxd4 Nf6 5.Nc3 d6 6.Bg5 e6 7.Bb5 Bd7 8.Bxc6 bxc6
9.Qf3 Qb6 10.Nb3 Be7 11.e5 dxe5 12.O-O-O Qc7 13.Rhe1 O-O 14.Ne4 Nd5 15.Bxe7 Nxe7
16.Ng5 Rad8 17.Qe4 Ng6 18.h4 f5 19.Qc4 e4 20.Nc5 Ne5 21.Qb3 Rfe8 22.Ncxe6 Bxe6
23.Rxd8 Qxd8 24.Nxe6 Qd5 25.Qxd5 cxd5 26.Nc7 Rc8 27.Nxd5 Nd3+ 28.Kd2 Rxc2+
29.Kxc2 Nxe1+ 30.Kd2 Nxg2 31.Ne7+ Kf7 32.Nxf5 Kf6 33.Nd4 Nxh4 34.Nc6 a6 35.b4 Nf5
36.Nb8 Ke5 37.Nxa6 Kd4 38.b5 e3+ 39.Ke2 exf2 40.Kxf2 Nd6 41.a4 Kc4  1/2-1/2

[Event "RUS-ch sf"]
[Site "Tula"]
[Date "1998.??.??"]
[Round "8"]
[White "Chuiko, Alexander"]
[Black "Malinin, Yuri"]
[Result "1/2-1/2"]
[WhiteElo "2355"]
[BlackElo "2335"]

1.e4 c5 2.Nf3 d6 3.d4 cxd4 4.Nxd4 Nf6 5.Nc3 Nc6 6.Bg5 e6 7.Qd2 a6 8.O-O-O h6
9.Be3 Be7 10.f3 Nxd4 11.Qxd4 b5 12.Kb1 Bb7 13.h4 Rc8 14.Bd3 Qc7 15.Bd2 d5
16.exd5 Bc5 17.Qf4 Qxf4 18.Bxf4 Nxd5 19.Nxd5 Bxd5 20.a4 Bc6 21.axb5 axb5
22.c3 Ke7 23.b4 Bb6 24.Kb2 Rhd8 25.Be2 f6 26.Rxd8 Rxd8 27.Kc2 e5 28.Bh2 Be3
29.Rd1 Rxd1 30.Kxd1 Bf2 31.h5 Ke6 32.c4 bxc4 33.Bxc4+ Kf5 34.Ke2 Bb6 35.b5 Bb7
36.Bg3 e4 37.Bf2 exf3+ 38.gxf3 Bxf2 39.Kxf2 Kf4 40.Be2 Kg5 41.Bd3 Kxh5 42.Be4 Bc8
43.b6  1/2-1/2